| 000 | 01054nac a22004210a 4500 | ||
|---|---|---|---|
| 001 | PT54364 | ||
| 003 | AR-LpoUNG | ||
| 005 | 20210201005531.0 | ||
| 008 | 201001s1993||||sp |||||||||||||||||spa d | ||
| 020 |
_a847583356X _c$28 |
||
| 040 |
_aAR-LpoUNG _bspa _eaacr |
||
| 041 | _aspa | ||
| 044 | _asp | ||
| 082 | 0 | _aR909 794egi-v1 | |
| 100 | 1 | _aBaines, John | |
| 245 | 1 | 0 |
_aEgipto : _bdioses, templos y faraones |
| 260 |
_aBarcelona : _bFolio, _c1993. |
||
| 300 |
_a119 p. : _bil., mapas, gráfs., fot. _3Impreso |
||
| 490 | 0 | _aAtlas culturales del mundo | |
| 650 | 4 | _aANALISIS HISTORICO | |
| 650 | 4 | _aARQUITECTURA | |
| 650 | 4 | _aARTE | |
| 650 | 4 | _aASPECTOS GEOGRAFICOS | |
| 650 | 4 | _aATLAS | |
| 650 | 4 | _aCIVILIZACION | |
| 650 | 4 | _aCULTURA | |
| 650 | 4 | _aEGIPTO | |
| 650 | 4 | _aFACTORES CULTURALES | |
| 650 | 4 | _aHISTORIA | |
| 650 | 4 | _aHISTORIA POLITICA | |
| 650 | 4 | _aMATERIAL DE REFERENCIA | |
| 650 | 4 | _aPOLITICA | |
| 650 | 4 | _aSOCIEDAD | |
| 651 | 4 | _aMundial | |
| 700 | 1 | _aMálek, Jaromir | |
| 905 | _a54364 | ||
| 942 | _cLSALA | ||
| 999 |
_c50100 _d50100 |
||